000 00664nam a2200217 i 4500
001 24054
003 ES-MaACL
005 20230906152958.0
007 t|
008 021213s1966 sp |||| | spa d
080 _a159.922.8
245 0 0 _aAmor y familia
_b: jóvenes de hoy /
_cP. Delooz... [et al.] ; [tradujo Alfonso Ortíz García].
246 3 0 _aJóvenes de hoy
260 _aSalamanca :
_bSígueme,
_c1966.
300 _a221 p. ;
_c19 cm.
650 4 _aJóvenes-
_xPsicología.
_913956
650 4 _aJóvenes-
_xMoral práctica.
_9148554
700 1 _aDelooz, Pierre.
_9148647
700 1 _aOrtiz García, Alfonso.
_987618
852 _aES-MaACL
_jC-31131
999 _c24054
_d24054